| 000 | 00589nam a22001337a 4500 | ||
|---|---|---|---|
| 999 |
_c513257 _d513257 |
||
| 082 | _aB3x54 M294r | ||
| 245 |
_aRole of digital technologies in governance: _bproceedings of the sixty-second annual conference of the members of IIPA, held on October 27, 2018 _cedited by Charru Malhotra |
||
| 260 |
_aNew Delhi _bIndian Institute of Public Administration _c2018 |
||
| 300 | _a78p. | ||
| 650 |
_aInformation technology --Government policy _916204 |
||
| 650 |
_aInformation technology --Political aspects _916205 |
||
| 650 |
_aInformation society _916206 |
||
| 700 |
_aMalhotra, Charru, ed. _915826 |
||